| 000 | 00892cad a22002055a 4500 | ||
|---|---|---|---|
| 001 | E149231 | ||
| 008 | 100209e20091208xxk 000 0 eng d | ||
| 035 | _a(Sirsi) u149231 | ||
| 041 | 0 | _aeng | |
| 110 | 2 |
_aScotland _bScottish Government _95344 |
|
| 245 | 0 | 0 |
_a2020 delivery group _h[electronic resource] |
| 260 | _c2009 | ||
| 490 |
_aScottish Government News Release _v8 December 2009 |
||
| 520 | _aAimed at ensuring that Scotland meets its targets for reduction of emissions by 2020, the newly-formed 2020 Delivery Group is made up of representatives from the Scottish Government and from businesses. | ||
| 590 | _aKA | ||
| 651 | 4 |
_aScotland _y1999- |
|
| 690 | _aENVIRONMENTAL AND LAND CONSULTANCY-ENERGY-ENERGY USE-ENERGY EFFICIENCY | ||
| 856 | 4 | 0 |
_uhttps://www.scotland.gov.uk/News/Releases/2009/12/08110859 _zView the news release free of charge at www.scotland.gov.uk... |
| 942 | _n0 | ||
| 999 |
_c82086 _d82086 |
||